Communicative language teaching : (Record no. 18716)

MARC details
000 -LEADER
fixed length control field 01118pam a2200313 i 4500
001 - CONTROL NUMBER
control field 4191167
003 - CONTROL NUMBER IDENTIFIER
control field OSt
005 - DATE AND TIME OF LATEST TRANSACTION
control field 20211117114850.0
008 - FIXED-LENGTH DATA ELEMENTS--GENERAL INFORMATION
fixed length control field 810107s1981 enk b 001 0 eng
010 ## - LIBRARY OF CONGRESS CONTROL NUMBER
LC control number 80041563
015 ## - NATIONAL BIBLIOGRAPHY NUMBER
National bibliography number GB81
020 ## - INTERNATIONAL STANDARD BOOK NUMBER
International Standard Book Number 0521281547 (pbk.)
040 ## - CATALOGING SOURCE
Original cataloging agency DLC
Transcribing agency HU
Modifying agency DLC
050 00 - LIBRARY OF CONGRESS CALL NUMBER
Classification number P53
Item number .L54 1981
082 00 - DEWEY DECIMAL CLASSIFICATION NUMBER
Classification number 418/.007
Edition number 19
100 1# - MAIN ENTRY--PERSONAL NAME
Personal name Littlewood, William.
9 (RLIN) 18921
245 10 - TITLE STATEMENT
Title Communicative language teaching :
Remainder of title an introduction /
Statement of responsibility, etc. William Littlewood.
260 ## - PUBLICATION, DISTRIBUTION, ETC.
Place of publication, distribution, etc. Cambridge [Eng.] ;
-- New York :
Name of publisher, distributor, etc. Cambridge University Press,
Date of publication, distribution, etc. 1981.
300 ## - PHYSICAL DESCRIPTION
Extent x, 108 p. ;
Dimensions 23 cm.
440 #0 - SERIES STATEMENT/ADDED ENTRY--TITLE
Title New directions in language teaching
9 (RLIN) 18922
500 ## - GENERAL NOTE
General note Includes index.
504 ## - BIBLIOGRAPHY, ETC. NOTE
Bibliography, etc. note Bibliography: p. 96-106.
650 #0 - SUBJECT ADDED ENTRY--TOPICAL TERM
Topical term or geographic name entry element Language and languages
General subdivision Study and teaching.
9 (RLIN) 18831
650 #0 - SUBJECT ADDED ENTRY--TOPICAL TERM
Topical term or geographic name entry element Communicative competence.
9 (RLIN) 18923
856 42 - ELECTRONIC LOCATION AND ACCESS
Materials specified Publisher description
Uniform Resource Identifier <a href="http://www.loc.gov/catdir/description/cam022/80041563.html">http://www.loc.gov/catdir/description/cam022/80041563.html</a>
856 41 - ELECTRONIC LOCATION AND ACCESS
Materials specified Table of contents
Uniform Resource Identifier <a href="http://www.loc.gov/catdir/toc/cam026/80041563.html">http://www.loc.gov/catdir/toc/cam026/80041563.html</a>
906 ## - LOCAL DATA ELEMENT F, LDF (RLIN)
a 7
b cbc
c orignew
d 1
e ocip
f 19
g y-gencatlg
942 ## - ADDED ENTRY ELEMENTS (KOHA)
Source of classification or shelving scheme Dewey Decimal Classification
Koha item type Books like text book referance book
Suppress in OPAC No
Holdings
Withdrawn status Lost status Source of classification or shelving scheme Damaged status Not for loan Collection code Home library Current library Shelving location Date acquired Total Checkouts Full call number Barcode Date last seen Copy number Price effective from Koha item type
    Dewey Decimal Classification     Reference Wondo Genet Library Wondo Genet Library General Stacks 11/17/2021   418.007 LIT 1981 WGCFNRL00006824 11/17/2021 1 11/17/2021 Books like text book referance book
    Dewey Decimal Classification     Reference Wondo Genet Library Wondo Genet Library General Stacks 12/22/2021   418/.007LIT1981 WGCFNRL00007761 12/22/2021 2 12/22/2021 Books like text book referance book